Egy kommunikációelméleti kérdés a Biblia egy szövegrészének értelmezési problémái a fordítások tükrében (Ján. 21:15-17) /

Elmentve itt :
Bibliográfiai részletek
Szerző: Németh Zsolt
Dokumentumtípus: Cikk
Megjelent: 1991
Sorozat:Nyelvelő 1 No. 3
Kulcsszavak:Bibliamagyarázat
Tárgyszavak:
Online Access:http://acta.bibl.u-szeged.hu/32685
LEADER 00758nab a2200205 i 4500
001 acta32685
005 20250514121327.0
008 161017s1991 hu o 000 hun d
022 |a 1215-3451 
040 |a SZTE Egyetemi Kiadványok Repozitórium  |b hun 
041 |a hun 
100 1 |a Németh Zsolt 
245 1 0 |a Egy kommunikációelméleti kérdés   |h [elektronikus dokumentum] :  |b a Biblia egy szövegrészének értelmezési problémái a fordítások tükrében (Ján. 21:15-17) /  |c  Németh Zsolt 
260 |c 1991 
300 |a 36-46 
490 0 |a Nyelvelő  |v 1 No. 3 
650 4 |a Bölcsészettudományok 
650 4 |a Nyelvek és irodalom 
695 |a Bibliamagyarázat 
856 4 0 |u http://acta.bibl.u-szeged.hu/32685/1/nyelvelo_003_036-046.pdf  |z Dokumentum-elérés